Výzvy a možnosti pre zahraničnoobchodnú politiku EÚ voči Rusku

Výzvy a s nimi súvisiace možnosti pre budúci rozvoj vzájomných vzťahov a spolupráce medzi EÚ a Ruskom. Aktuálny stav partnerstva medzi EÚ a Ruskom. Východiská a pozície Ruska v zahraničnoobchodnej politike EÚ a hlavné aspekty vývoja ich vzájomného vzťahu. Pohľad Eurázijskej hospodárskej únie vo vzťa...

Descripción completa

Guardado en:
Detalles Bibliográficos
Autor principal: Drieniková, Kristína, 1982-
Formato: Capítulo de libro
Lenguaje:eslovaco
Materias:
Etiquetas: Agregar Etiqueta
Sin Etiquetas, Sea el primero en etiquetar este registro!

MARC

LEADER 00000naa$a2200000$$$4500
001 0260326
005 20240502074123.9
041 0 |a slo 
044 |a SK 
245 1 0 |a Výzvy a možnosti pre zahraničnoobchodnú politiku EÚ voči Rusku  |c Kristína Drieniková 
520 |a Výzvy a s nimi súvisiace možnosti pre budúci rozvoj vzájomných vzťahov a spolupráce medzi EÚ a Ruskom. Aktuálny stav partnerstva medzi EÚ a Ruskom. Východiská a pozície Ruska v zahraničnoobchodnej politike EÚ a hlavné aspekty vývoja ich vzájomného vzťahu. Pohľad Eurázijskej hospodárskej únie vo vzťahu k EÚ. 
610 2 0 |a politika zahraničnoobchodná 
610 2 0 |a spolupráca hospodárska medzinárodná 
610 2 0 |a partnerstvo strategické 
610 2 0 |a vzťahy obchodné 
610 2 0 |a obchod zahraničný 
610 2 0 |a dohody medzinárodné 
610 2 0 |a Euroázijská ekonomická únia 
610 2 0 |a Európska únia 
610 2 0 |a Rusko 
100 1 |a Drieniková, Kristína, 1982-